000 00706nam a2200277Ia 4500
003 OSt
005 20221007110752.0
006 a|||||r|||| 00| 0
007 ta
008 221006b |||||||| |||| 00| 0 eng d
020 _a0245508694
024 _a21,843
037 _cTextual
040 _aLCO
_cLCO
_beng
041 _2eng
_aeng
082 _aX8(A):Z, L2
100 _aGayler J.L.
_9341963
245 0 _aIndustrial Law
250 _a2nd
260 _aLondon
_bGeorge G. Harrap & Co. Ltd. U.K.
_c1972
300 _a491
650 _aINDUSTRIAL LAW
700 _a Purvis R.L.
_9707827
942 _hX8(A):Z, L2
_cTEXL
999 _c1191406
_d1191406